000 00590nam a2200157Ia 4500
008 220216s9999 xx 000 0 und d
100 _aJoseph K.[a]
245 0 _aPhosphate solubilization by Bacillus circulans a leap towards phosphatic fertiliser management in rubber plantations
260 _bNational Seminar on Organic Farming and Sustainable Agriculture, 9-11 October 1996, Bangalore, India, pp. 69.
_c1996
650 _aBacillus circulans
650 _aPhosphate solubilization
650 _aRubber plantation
700 _aKothandaraman R.
700 _aMathew J.
942 _cBS
999 _c52554
_d52554